00981nam a22002177a 4500003000200000005001700002008004100019050003000060100002400090245006400114260009000178300004100268504004100309650006800350650007600418650002600494650004700520942001400567999001900581952016300600020250129103551.0150923b xxu||||| |||| 00| 0 eng d aPGS BF 723.B5b.M111 2015 aMaat, Rueben Byron. aBirth order and academic performance / cRueben Byron Maat. aLas Piñas City, Philippines :bSouthville International School and Colleges,c2015. a51 p. :bcol. ill. ;c28 cm. fPASS  aIncludes bibliographical references. 2Library of Congress Subject HeadingsaBirth order and children. 2Library of Congress Subject HeadingsaAcademic achievement in children. aChildrenvPsychology. aSchool performancevPsychological aspects. 2lcccPASS c288729d288729 00102lcc4071aLUXbLUXcPASSd2015-09-23eDONATIONl0oPGS BF 723.B5 .M111 2015pP3433r2017-07-25 00:00:00w2015-09-23yPASSz Be Amazing, Be Southville!